Historia Polski (III) - władcy elekcyjni cz. 1 - do dynastii Wazów - Statystyki

Ogólne statystyki
  • Ten quiz został rozwiązany 122 razy
    108 od ostatniego zresetowania
  • Średni wynik to 32 z 97
Statystyki odpowiedzi
Odpowiedź % Poprawnych
Henryk Walezy
88%
Henryk Walezy
88%
Henryk Walezy
88%
Ucieczka Henryka Walezego
88%
Anna Jagiellonka/Stefan Batory
85%
Anna Jagiellonka/Stefan Batory
85%
Anna Jagiellonka/Stefan Batory
85%
Anna Jagiellonka/Stefan Batory
85%
Anna Jagiellonka/Stefan Batory
85%
Anna Jagiellonka/Stefan Batory
85%
Władysław IV Waza/Jan II Kazimierz Waza
79%
Zygmunt III Waza
78%
Jan II Kazimierz Waza
75%
Władysław IV Waza
66%
Przeniesienie stolicy z Krakowa do Warszawy
64%
1573
52%
1573
52%
II Wojna Północna - potop szwedzki, wojna polsko-szwedzka
52%
1604-1618
44%
Powstanie Chmielnickiego
42%
1574
41%
1648-1657
40%
Wygrana bitwa pod Kircholmem (Jan Karol Chodkiewicz)
40%
1648
38%
1587
37%
1655
37%
1655-1660
37%
1575
36%
Dymitriady, wojna polsko-rosyjska, chwilowe zajęcie Moskwy
34%
elekcja
34%
elekcja
34%
elekcja
34%
elekcja
34%
elekcja
34%
Rokosz Lubomirskiego
33%
1581/1582
32%
1600-1611
32%
1605
32%
Wygrana z Turkami pod Chocimiem (Jan Karol Chodkiewicz)
32%
1596
30%
1577
29%
1620-1621
29%
1621
29%
1621-1629
29%
1579
27%
1610
27%
Rokosz Zebrzydowskiego
27%
1632
26%
1580
25%
1606-1607
25%
III Kampania przeciw Rosji - zdobycie Pskowa
25%
1582
23%
1620
23%
1654-1667
23%
1660
23%
Pokój w Oliwie - Polska traci północną zachodnią część Inflant
23%
Artykuły henrykowskie (ustalają zasady elekcji)
22%
Udana obrona pod Jasną Górą (Ojciec Augustyn Kordecki)
22%
1627
21%
Przegrana z Turkami pod Cecorą (Stanisław Żółkiewski)
21%
1607
19%
1619
19%
1635
19%
1656
19%
1657
19%
1665-1666
19%
1667
19%
II Kampania przeciw Rosji - zdobycie Wielkich Łuków
19%
I Kampania przeciw Rosji - zdobycie Połocka
19%
Wygrana bitwa pod Kłuszynem (Stanisław Żółkiewski)
19%
Wygrana bitwa pod Oliwą
19%
1588
18%
1634
18%
1654
18%
1652
16%
1653
16%
Wygrana bitwa pod Beresteczkiem
16%
1649
15%
1649
15%
1651
15%
1651
15%
Rozejm w Sztumskiej Wsi (Polacy tracą część Inflant)
12%
Rozejm andruszowski (Polacy oddają wcześniej zabrane ziemie Rosjanom + połowa ziemi Kozaków)
11%
Pokój w Dywilnie (Polacy zyskują ziemię siewierską, czernichowską i smoleńską - największe tereny w historii RP)
10%
Pokój w Jamie Zapolskim - Rosjanie oddają ziemię na Inflantach
10%
Ugoda zborowska (rejestr 40 000)
10%
Bunt Gdańszczan, zwycięstwo pod Lubieszewem
8%
Przegrana pod Batohem
8%
Traktaty welawsko-bydgoskie (Prusy stają się niezależne)
8%
Pokój w Polanowie
7%
Układ w Perejesławie - Chmielnicki oddaje tereny kozackie Rosji
7%
Wygrana bitwa pod Warką (hetmanem Stefan Czarniecki)
7%
Nierozstrzygnięta bitwa pod Zborowem
5%
Wygrana bitwa pod Guzowem z rokoszanami
5%
Rozejm w Białej Cerkwi (rejestr 20 000)
3%
Ugoda w Żwańcu (rejestr 40 000)
3%
Wygrana bitwa Zamoyskiego pod Byczyną o tron Polski
3%
Nie znaleziono quizów pasujących do podanych kryteriów
Rozkład punktacji
Procent ludzi z każdym wynikiem
Percentyl według liczby udzielonych odpowiedzi
Twoja historia wyników
Nie rozwiązałeś tego quizu od ostatniego zresetowania